| 000 | 00865nam a2200217 i 4500 | ||
|---|---|---|---|
| 001 | 120748 | ||
| 003 | ES-MaACL | ||
| 005 | 20250826042748.0 | ||
| 007 | t| | ||
| 008 | 070214s1982 sp |||| | spa d | ||
| 100 | 1 |
_aPrado y Rozas, Antonio. _993629 |
|
| 245 | 1 | 0 |
_aDos estudios sobre historia de la administración _b: las secretarías del despacho / _cpor Antonio Prado y Rozas y Anónimo 1824 ; introducción, José Mª García Madaria. |
| 260 |
_aMadrid : _bInstituto Nacional de Administración Pública, _c1982. |
||
| 300 |
_a181 p. ; _c22 cm. |
||
| 651 | 4 |
_aEspaña- _xAdministración- _yS.XVIII. _9144197 |
|
| 651 | 4 |
_aEspaña- _xAdministración- _yS.XIX. _9138846 |
|
| 700 | 1 |
_aGarcía Madaria, José María. _954874 |
|
| 710 | 2 |
_aInstituto Nacional de Administración Pública (España) _95139 |
|
| 852 |
_aES-MaACL _jL-2794 |
||
| 999 |
_c120748 _d120748 |
||